| 000 -LEADER |
| fixed length control field |
00279nam a2200109Ia 4500 |
| 008 - FIXED-LENGTH DATA ELEMENTS--GENERAL INFORMATION |
| fixed length control field |
200302s9999 xx 000 0 und d |
| 100 ## - MAIN ENTRY--PERSONAL NAME |
| Personal name |
H. Shirley - Smith |
| 245 ## - TITLE STATEMENT |
| Title |
The World's Great Bridges |
| 260 ## - PUBLICATION, DISTRIBUTION, ETC. |
| Name of publisher, distributor, etc. |
The English Language Book Society |
| 260 ## - PUBLICATION, DISTRIBUTION, ETC. |
| Date of publication, distribution, etc. |
1880 |
| 300 ## - PHYSICAL DESCRIPTION |
| Extent |
250 P., |